Používání optimalizačních metod v praxi - studie v podmínkách ČR

Optimalizačné metódy v modernej ekonómii. Štúdia využivania optimalizačných metód vo firmách v ČR. Formulácia konkrétnych otázok s cieľom získať informácie o rôznych typoch optimalizačných postupov, používaní kvantitatívnych postupov pre podporu rozhodovania vo firme. Oboznámenosť s metódami. Použív...

Descrizione completa

Salvato in:
Dettagli Bibliografici
Autore principale: Plevný, Miroslav
Natura: Capitolo di libro
Lingua:ceco
Soggetti:
Tags: Aggiungi Tag
Nessun Tag, puoi essere il primo ad aggiungerne!!

MARC

LEADER 00000naa$a2200000$$$4500
001 0025732
005 20231107070641.6
041 0 |a cze 
044 |a CZ 
245 1 0 |a Používání optimalizačních metod v praxi - studie v podmínkách ČR  |c Miroslav Plevný 
520 |a Optimalizačné metódy v modernej ekonómii. Štúdia využivania optimalizačných metód vo firmách v ČR. Formulácia konkrétnych otázok s cieľom získať informácie o rôznych typoch optimalizačných postupov, používaní kvantitatívnych postupov pre podporu rozhodovania vo firme. Oboznámenosť s metódami. Používanie metód v podnikoch. Oblasti, kde boli sledované nástroje a techniky aplikované. Prehľad typov programového vybavenia. Závery výskumu. 
610 2 0 |a firmy 
610 2 0 |a výskum 
610 2 0 |a metódy optimalizačné 
610 2 0 |a Česko 
100 1 |a Plevný, Miroslav